[Event "110th Anniversary WIM 2020"]
[Site "Hilleroed"]
[Date "2020.02.13"]
[Round "7.2"]
[White "Berke, Ana"]
[Black "Nastase, Andreea-Cristina"]
[Result "0-1"]
[WhiteElo "2152"]
[BlackElo "2090"]
[Annotator "TA"]
[PlyCount "118"]
[EventDate "2020.02.08"]
[EventType "tourn"]
[EventCountry "DEN"]
[SourceTitle "playchess.com"]
[Source "ChessBase"]
[SourceQuality "1"]

{[%evp 12,124,7,13,29,21,38,-66,34,-16,13,11,7,15,13,11,19,0,-8,-10,-2,0,0,0,0,0,31,0,8,-17,0,0,7,7,20,0,0,-7,-22,-47,3,-37,-37,-37,-37,-37,-37,-37,-37,-28,-34,-38,-18,-18,-14,-38,-38,-61,-57,-268,-265,-310,-310,-1282,-1282,-1282,-889,-1968,-2000,-1896,-1889,-1881,-1326,-1881,-1373,-1778,-984,-29950,-5633,-29967,-29968,-29971,-29970,-29972,-29972,-29973,-29972,-29974,-29973,-29975,-29971,-29975,-29972,-29976,-29976,-29976,-29977,-29979,-29980,-29978,-29979,-29981,-29982,-29982,-29978,-29978,0,-29981,-29982,-29982,-29983,-29984,-29985,-29988,-29982]} 1. e4 c5 2. Nf3 d6 3. d4 cxd4 4. Qxd4 Nc6 5. Bb5 Bd7 6. Bxc6 Bxc6 7. Nc3 {7.c4 is not played anymore.} Qb6 {B53: Sicilian: 2...d6: Lines with Qxd4.} 8. Qxb6 axb6 9. Nd5 (9. Nd4 $14) 9... Ra4 {[#]} (9... Bxd5 $1 $15 10. exd5 Nf6) 10. Nd2 $146 (10. Nc3 $5 {[%cal Rc3a4]}) ({Predecessor:} 10. Nc3 Ra6 11. b4 b5 12. Nd4 g6 13. Ncxb5 Ra4 14. Bb2 Rxb4 15. Bc3 Rc4 16. Nxc6 Rxe4+ {1-0 (65) Savkic,I-Sablic,B (1990) Belgrade 2010}) 10... Nf6 11. b3 Ra7 12. c4 e6 13. Nxf6+ gxf6 14. Bb2 Rg8 15. Rg1 Rg6 16. a4 d5 17. exd5 exd5 18. O-O-O Bh6 19. Ba3 {Rge1+ is the strong threat.} f5 {White must now prevent ...dxc4.} 20. Kb2 Re6 21. g4 fxg4 22. Rxg4 f5 23. Rg8+ Kf7 24. Rc8 {And now Nf3 would win.} Re2 25. Rc7+ Ke8 (25... Kg6 {is interesting.} 26. cxd5 Bxd5 27. Bb4 Rxf2 28. Ka3 Bf4) 26. Kc3 {aiming for Nf3.} (26. Bb4 {is more complex.} dxc4 27. Rxh7 Bxd2 28. Rxd2 Rxd2+ 29. Bxd2 cxb3 30. Kxb3 Rxa4 31. h4) 26... Bxd2+ ({Don't play} 26... Rxf2 $6 27. cxd5 Rxd2 28. Re1+ (28. dxc6 Rxd1 29. cxb7 Rxb7 $16) (28. Rxd2 Bxd2+ 29. Kxd2 Bxd5 $11) 28... Kd8 29. Rxh7 $16) 27. Rxd2 Rxd2 28. Kxd2 dxc4 29. bxc4 Rxa4 $15 {[%mdl 4096] Endgame KRB-KRB} 30. Bb2 Rxc4 31. Rxh7 Be4 {Hoping for ...Rc2+.} 32. Be5 b5 {[%cal Bb6b5,Bb5b4,Bb4b3][%mdl 32]} 33. Rc7 Bc6 34. f4 b4 35. h4 $2 {[#]} (35. Kd3 $1 $15 Rc5 36. Rg7) 35... b3 $1 $19 36. Rg7 Rc2+ 37. Kd3 $2 (37. Ke3 Rh2 38. Rg8+ Kf7 39. Rg7+ Kf8 40. Rg6) 37... Be4+ 38. Ke3 b2 39. Bxb2 Rxb2 {KRB-KR} 40. Kd4 Kf8 {( -> ...Rd2+)} 41. Rc7 Kg8 42. Ke5 Rb6 43. Rd7 Rh6 44. Rc7 Rxh4 45. Kf6 Rh6+ 46. Ke5 Kf8 47. Rd7 Ke8 48. Rg7 Kd8 49. Rf7 Kc8 50. Rg7 Kb8 51. Rg1 Ka7 52. Ra1+ Ra6 53. Rd1 b5 54. Rd7+ Kb6 55. Kd4 Ra4+ 56. Kc3 Rc4+ 57. Kb3 Rc6 58. Kb4 Rc4+ 59. Kb3 {[#]} Kc5 {Played: Be4-c6} 0-1

[Event "110th Anniversary WIM 2020"]
[Site "Hilleroed"]
[Date "2020.02.13"]
[Round "7.3"]
[White "Nilssen, Ellen Fredericia"]
[Black "Stanford, Sheila Barth"]
[Result "1-0"]
[WhiteElo "2065"]
[BlackElo "2145"]
[Annotator "TA"]
[PlyCount "53"]
[EventDate "2020.02.08"]
[EventType "tourn"]
[EventCountry "DEN"]
[SourceTitle "playchess.com"]
[Source "ChessBase"]
[SourceQuality "1"]

{[%evp 19,53,0,18,19,20,20,20,15,22,17,65,53,81,74,85,77,105,102,112,100,118,122,99,120,331,312,457,453,554,530,712,702,5416,5361,4802,3805]} 1. d4 d5 2. c4 dxc4 3. e3 e5 4. Bxc4 exd4 5. exd4 Bd6 6. Nf3 Nf6 7. O-O O-O 8. h3 h6 9. Nc3 Nc6 10. Re1 a6 11. Ne5 {D20: Queen's Gambit Accepted: 3 e3 and 3 e4.} Bxe5 12. dxe5 Qxd1 13. Nxd1 {The position is equal.} Re8 14. Bf4 b5 {[#]} 15. Nc3 $146 ({Predecessor:} 15. Bb3 Nd4 16. Nc3 Nd7 17. Bd5 Rb8 18. Rad1 Ne6 19. Be3 Nb6 20. Bc6 Rd8 21. f4 {½-½ (52) Pankov,G (2270)-Danielian,E (2433) Minsk 2005}) 15... bxc4 16. exf6 Be6 17. fxg7 Kxg7 18. Bxc7 Ra7 19. Bf4 Rb7 20. Ne4 {Nd6 is the strong threat.} Rxb2 21. Re3 {aiming for Rg3+.} Rh8 $2 {[#]} (21... Rg8 $16 {was called for.}) 22. Rd1 Bf5 (22... Kg6 $142 23. Rg3+ Kf5) 23. Rd6 $18 {White is clearly winning.} Rb1+ 24. Kh2 Rc8 {Black hopes to continue with ...Bg6.} 25. Bxh6+ Kh7 26. Ng5+ {[%mdl 64] Double Attack} Kg8 {[#]} 27. Rxc6 $1 {[%mdl 512] Accuracy: White = 100%, Black = 37%.} 1-0

[Event "110th Anniversary WIM 2020"]
[Site "Hilleroed"]
[Date "2020.02.13"]
[Round "7.4"]
[White "Miturova, Magdalena"]
[Black "Guindy, Esmat Susanne"]
[Result "1-0"]
[WhiteElo "2185"]
[BlackElo "2143"]
[Annotator "TA"]
[PlyCount "79"]
[EventDate "2020.02.08"]
[EventType "tourn"]
[EventCountry "DEN"]
[SourceTitle "playchess.com"]
[Source "ChessBase"]
[SourceQuality "1"]

{[%evp 13,79,18,8,14,17,3,15,16,24,30,30,29,44,-25,78,36,57,0,0,0,13,1,114,17,54,2,4,-9,0,0,0,0,12,22,95,100,78,0,199,200,514,170,399,321,343,126,131,102,342,342,355,339,29984,29985,29994,29995,29995,29995,29995,29995,29995,29996,29996,29983,29981,29982,29979,6225]} 1. Nf3 d5 2. g3 e6 3. Bg2 Nf6 4. O-O Be7 5. d4 b6 6. c4 c6 7. Nbd2 O-O 8. b3 {E06: Closed Catalan: Early deviations.} a5 9. Bb2 Bb7 10. Qc2 {The position is equal.} Na6 {[#]} 11. Rac1 $146 ({Predecessor:} 11. Rfd1 Rc8 12. Rac1 h6 13. Qb1 Rc7 14. Ne5 Nd7 15. Ndf3 Nxe5 16. Nxe5 Bd6 17. e4 {½-½ (45) Yu,Y (2751)-Sargissian,G (2672) Riadh 2017}) 11... Rc8 12. Qb1 Rc7 13. e4 (13. Rcd1 $14) 13... c5 (13... Nxe4 $11 14. Nxe4 dxe4 15. Qxe4 c5) 14. cxd5 exd5 15. e5 Ne4 16. Rfd1 Qa8 17. Ne1 Rfc8 (17... f5 $11) 18. Bh3 (18. Nxe4 $16 dxe4 19. d5 $1 {[%mdl 512]} Bxd5 20. Rxd5 $1 {[%mdl 576] Remove Defender} Qxd5 21. Bxe4 {[%mdl 64] Double Attack}) 18... Rd8 19. Nxe4 (19. e6 $14) 19... dxe4 $11 20. Nc2 Bg5 21. Ne3 Bxe3 22. fxe3 Nb4 23. dxc5 Rxc5 (23... bxc5 $11 {keeps the balance.} 24. Rd6 Nd3) 24. Bd4 $16 Rxc1 25. Rxc1 (25. Qxc1 $16 {Hoping for e6.} Nd5 26. e6) 25... b5 $2 (25... Rxd4 $11 {and Black has nothing to worry.} 26. exd4 Qd8) 26. e6 $18 f6 $2 (26... Rxd4 {is a better chance.} 27. exd4 Qd8) 27. Rf1 $2 (27. e7) 27... Re8 $2 {[#]} (27... Rd6) 28. Qd1 $1 Nd5 {[#]} 29. Qh5 $2 (29. Bf5 $1 $18 {White wants to mate with Qh5.} Re7 30. Bc5) 29... Re7 $16 30. Qh4 $40 {[%mdl 128] White attacks with force.} Qc8 $2 {[#]} (30... Qe8 $16) 31. Bf5 $1 $18 {[%mdl 576] Double Attack} g6 32. Bxf6 ({Weaker is} 32. Bxe4 Rxe6 33. Bxd5 Bxd5 $11) 32... Nxe3 $2 (32... Nxf6 $18 33. Qxf6 Qf8) 33. Bxe7 {White mates.} Nxf1 34. Qf6 Qe8 35. Bd6 Nd2 36. Bg4 Nf3+ 37. Bxf3 exf3 38. Be5 {[%csl Ge5][%cal Rf6h8]} f2+ 39. Kf1 {[%csl Ge5][%cal Rf6h8]} Bg2+ 40. Kxf2 {Accuracy: White = 66%, Black = 49%.} 1-0

[Event "110th Anniversary WIM 2020"]
[Site "Hilleroed"]
[Date "2020.02.13"]
[Round "7.5"]
[White "Baliuniene, Margarita"]
[Black "Kakulidis, Ellen"]
[Result "1-0"]
[WhiteElo "1982"]
[BlackElo "2052"]
[Annotator "TA"]
[PlyCount "107"]
[EventDate "2020.02.08"]
[EventType "tourn"]
[EventCountry "DEN"]
[SourceTitle "playchess.com"]
[Source "ChessBase"]
[SourceQuality "1"]

{[%evp 13,106,24,25,16,29,12,13,13,48,22,27,24,56,52,58,56,62,44,65,39,31,0,26,0,13,0,12,10,12,-21,-20,-13,-18,-27,0,0,-5,-22,-18,-19,0,0,0,0,0,0,0,-7,0,0,0,0,0,0,149,150,201,120,812,802,885,990,862,658,5531,5523,29979,5509,5314,5289,29981,5701,29984,29985,29978,29980,29996,29980,29983,29981,29987,29982,29982,29979,29979,29979,29978,29979,29993,29994,29997,29998,29998,29999,29999]} 1. Nf3 Nf6 2. g3 d5 3. Bg2 e6 4. d4 Be7 5. O-O O-O 6. c4 c6 7. b3 b6 8. Bb2 {E06: Closed Catalan: Early deviations.} a5 9. Nbd2 Bb7 10. Ne5 {The position is equal.} Na6 11. Rc1 Rc8 12. e3 Rc7 13. Qe2 Qa8 {[#]} 14. Rfd1 $146 ({Predecessor:} 14. g4 c5 15. g5 Nd7 16. cxd5 Nxe5 17. dxe5 exd5 18. f4 Nb4 19. a3 Ba6 20. Nc4 {0-1 (53) Hansen,P (2074)-Golubev,R Vung Tau 2008}) 14... Rfc8 15. e4 Bb4 16. exd5 cxd5 17. Ndf3 Ne4 18. a3 Bf8 19. Nd2 Nxd2 20. Rxd2 a4 21. b4 {[#] Hoping for c5.} (21. Re1 {seems wilder.} axb3 22. cxd5 Bxd5 23. Bxd5 exd5 24. Qf3) 21... dxc4 22. Bxb7 Qxb7 23. Rxc4 Rxc4 24. Nxc4 Nc7 25. Rc2 Nd5 26. Ne5 g6 27. Rxc8 Qxc8 28. Qb5 f6 29. Nc6 Qa8 30. Qc4 Kf7 31. b5 Be7 32. h4 h5 33. Bc1 Qb7 (33... Bf8 $11) 34. Qxa4 $16 Nc3 {[#]} (34... Ke8 $16 {is a better defense.} 35. Bh6 Bd6) 35. Qc4 (35. Qa6 $1 $18 {[%cal Ra6b7]} Qd7 36. Bd2) 35... Ne4 $2 {[%mdl 8192]} (35... Nd5 $16 36. a4 Qa8) 36. d5 $18 Nd6 37. dxe6+ Kg7 38. Qd3 g5 39. hxg5 fxg5 40. Bxg5 (40. Bb2+ $142 Kh6 41. Qd4 Kg6 42. g4 hxg4 43. Qg7+ {[%mdl 64] Double Attack} Kf5 44. Nxe7+ Kxe6 45. Qe5+ Kf7 46. Nc6) 40... Bxg5 41. Qxd6 Qa8 42. e7 (42. Qc7+ $142 Kh8 43. Qe5+ {[%mdl 64] Double Attack} Kh7 44. Qxg5 Qe8 45. e7 h4 46. gxh4 Qh8 47. Qh5+ Kg7 48. Qxh8+ Kxh8 49. e8=Q+ Kg7 50. Ne5 Kf6 51. f3 Kf5 52. Qe7 Kf4 53. Qg5#) 42... Bxe7 43. Qxe7+ {White mates.} Kg6 44. f4 Qa4 45. Qg5+ Kf7 46. Qxh5+ Kf8 47. Qf5+ Kg7 48. Qe5+ Kh7 49. Qe7+ Kh6 50. Qd6+ Kh5 51. Qd3 Kg4 52. Ne5+ Kh3 53. Qf5+ Kxg3 54. Qg4# {Accuracy: White = 67%, Black = 51%.} 1-0

[Event "110th Anniversary WIM 2020"]
[Site "Hilleroed"]
[Date "2020.02.14"]
[Round "8.1"]
[White "Zaritovskaja, Margarita"]
[Black "Baliuniene, Margarita"]
[Result "0-1"]
[WhiteElo "2022"]
[BlackElo "1982"]
[Annotator "TA"]
[PlyCount "72"]
[EventDate "2020.02.08"]
[EventType "tourn"]
[EventCountry "DEN"]
[SourceTitle "playchess.com"]
[Source "ChessBase"]
[SourceQuality "1"]

{[%evp 21,72,-10,-8,-16,27,-7,0,-13,19,0,0,-41,-16,-16,-18,-14,-12,-35,19,33,101,112,168,183,180,137,133,133,139,127,110,20,16,0,0,0,0,-190,-189,-260,-242,-307,-304,-296,-296,-298,-290,-410,-239,-308,-306,-1391,-697]} 1. d4 d5 2. c4 e6 3. Nc3 Nf6 4. cxd5 exd5 5. Nf3 c6 6. Bg5 Be7 7. e3 Bf5 8. Bd3 Bxd3 9. Qxd3 Nbd7 10. O-O O-O 11. Nd2 {11.Qc2 is setting a new trend.} Re8 12. Rae1 {[#] D35: Queen's Gambit Declined: Exchange Variation.} c5 $146 ({Predecessor:} 12... h6 13. Bxf6 Nxf6 14. f3 Qb6 15. Qc2 Bd6 16. Kh1 Rad8 17. g4 Re6 18. Rf2 Rde8 19. Nf1 c5 {½-½ (47) Ermeni,A (2183)-Spalir,J (2336) Zadar 2018}) 13. Qf5 g6 14. Qd3 {The position is equal.} cxd4 15. exd4 Qb6 16. Re2 Bb4 17. Rfe1 Rxe2 18. Rxe2 Rc8 19. h3 Bf8 ({Better is} 19... Bxc3 $15 20. bxc3 Qa5) 20. Nf3 $11 Qa5 ({Black should try} 20... Bb4 $14) 21. Ne5 $16 Bb4 (21... Nxe5 $16 22. dxe5 (22. Rxe5 Qb6 $16) 22... Ne4) 22. Qf3 $18 Nxe5 23. dxe5 Ne4 24. Nxe4 dxe4 25. Rxe4 Bf8 26. h4 (26. Qb3 $16) 26... Qxa2 $11 27. h5 Qxb2 28. hxg6 hxg6 29. Bf6 $2 {[#]} (29. e6 $11 {and White stays safe.} Qa1+ 30. Kh2 Qh8+ 31. Kg1 Qa1+ 32. Kh2 Qh8+ 33. Kg1 Qa1+) 29... Rc3 $1 $19 30. Rh4 (30. Qf4 $142 Qc1+ 31. Qxc1 Rxc1+ 32. Kh2) 30... Bg7 31. Qd5 Rc1+ 32. Kh2 {White threatens Qd8+ and mate.} Bxf6 33. exf6 Qxf6 {[%cal Rf6h4] [#]} 34. Re4 (34. Kg3 $142) 34... Rc6 (34... Qxf2 $142 35. Qd4 Qxd4 36. Rxd4 a5 37. Rd8+ Kg7) 35. Re8+ Kg7 {( -> ...Qh4+)} 36. Rd8 $2 (36. Kg3) 36... Qh4+ {Accuracy: White = 36%, Black = 57%.} 0-1

[Event "110th Anniversary WIM 2020"]
[Site "Hilleroed"]
[Date "2020.02.14"]
[Round "8.2"]
[White "Nastase, Andreea-Cristina"]
[Black "Kejzar, Petra"]
[Result "1-0"]
[WhiteElo "2090"]
[BlackElo "2072"]
[Annotator "TA"]
[PlyCount "49"]
[EventDate "2020.02.08"]
[EventType "tourn"]
[EventCountry "DEN"]
[SourceTitle "playchess.com"]
[Source "ChessBase"]
[SourceQuality "1"]

{[%evp 15,57,2,6,1,4,0,0,-4,0,-2,0,-33,-20,-28,-27,-73,-29,-61,-57,-85,-94,-75,-47,-68,-12,-33,-8,-50,-61,-64,-80,-81,-18,-33,567,592,591,577,2124,2066,29995,29996,29996,29997]} 1. d4 Nf6 2. c4 e6 3. Nc3 Bb4 4. e3 O-O 5. Nge2 d5 6. a3 Bd6 7. c5 Be7 8. b4 b6 9. Ng3 {E46: Nimzo-Indian: Rubinstein: 4 e3 0-0 5 Ne2 without early Bd3.} a5 {Strongly threatening ...axb4.} 10. Bb2 c6 11. Bd3 {The position is equal.} Ba6 12. O-O Nbd7 13. f4 Qb8 {[%cal Rb6c5]} 14. Bxa6 Rxa6 {[#]} 15. b5 $146 ({Predecessor:} 15. Qe2 Qb7 16. f5 exf5 17. Nxf5 Re8 18. b5 Raa8 19. cxb6 Nxb6 20. e4 dxe4 21. Nxe4 cxb5 22. Nxe7+ Qxe7 23. Nxf6+ Qxf6 24. Qxb5 {½-½ (75) Nastase,A (1986)-Shpanko,N (2065) Mamaia 2017}) 15... Ra8 16. bxc6 bxc5 17. cxd7 Qxb2 18. Na4 {[%mdl 64] Double Attack} Qb7 {White must now prevent ...c4.} 19. Nxc5 Bxc5 (19... Qa7 $15) 20. dxc5 $11 Nxd7 21. f5 Nxc5 22. f6 g6 23. Qd4 Qc7 (23... Qb6 $17 24. Qf4 Kh8) 24. Qh4 e5 $2 {[%mdl 8192]} (24... Kh8 $1 $15) 25. Nf5 {Played: Ra1-c1} 1-0

[Event "110th Anniversary WIM 2020"]
[Site "Hilleroed"]
[Date "2020.02.14"]
[Round "8.3"]
[White "Stanford, Sheila Barth"]
[Black "Berke, Ana"]
[Result "1/2-1/2"]
[WhiteElo "2145"]
[BlackElo "2152"]
[Annotator "NA RC"]
[PlyCount "99"]
[EventDate "2020.02.08"]
[EventType "tourn"]
[EventCountry "DEN"]
[SourceTitle "playchess.com"]
[Source "ChessBase"]
[SourceQuality "1"]
[TimeControl "40/5400+30:1800+30"]

{[%evp 8,83,0,-13,0,6,10,14,15,0,24,20,19,13,32,22,187,172,184,198,191,195,182,144,169,133,167,155,225,32767,277,339,346,390,356,404,32767,644,605,777,918,32767,32767,32767,32767,32767,32767,32767,631,32767,32767,32767,32767,32767,32767,32767,32767,32767,32767,184,32767,32767,229,268,305,227,32767,32767,254,279,270,154,171,136,136,135,122,154]} 1. d4 {[%emt 0:00:00]} d5 {[%emt 0:00:00]} 2. Nc3 {[%emt 0:00:00]} Nf6 {[%emt 0:00:00]} 3. Bf4 {[%emt 0:00:00]} c5 {[%emt 0:00:11]} 4. e3 {[%emt 0:00:31]} cxd4 {[%emt 0:00:11]} 5. exd4 {[%emt 0:00:20]} a6 {[%emt 0:00:06]} 6. Nf3 {[%emt 0:02:32] B13: Caro-Kann: Exchange Variation and Panov-Botvinnik Attack.} Bg4 {[%emt 0:00:53] is more promising than 6...Nc6.} 7. h3 {[%emt 0:00:40]} Bxf3 {[%emt 0:01:08]} 8. Qxf3 {[%emt 0:00:38]} Nc6 {[%emt 0:00:11]} 9. O-O-O {[%emt 0:07:08]} e6 {[%emt 0:02:38]} 10. g4 {[%emt 0:01:40]} b5 {[%emt 0:04:44]} 11. g5 {[%emt 0:03:01] [#]} b4 $146 {[%emt 0:03:48]} ({Better is} 11... Ng8 $14) ({Predecessor:} 11... Nd7 12. h4 Be7 13. Bh3 Nb6 14. Qg3 Nc4 15. Kb1 Qa5 16. Ne2 Rc8 17. Nc1 Qb6 {0-1 (39) Korley,K (2430)-Flaquer,L (2268) Arlington 2015}) 12. gxf6 {[%emt 0:04:30]} bxc3 {[%emt 0:04:56]} 13. Qxc3 {[%emt 0:06:18]} Qb6 {[%emt 0:02:23] [#]} 14. fxg7 $1 {[%emt 0:08:05]} Bxg7 {[%emt 0:00:10]} 15. Bd6 {[%emt 0:01:09]} Bf8 {[%emt 0:11:53]} 16. Bc5 {[%emt 0:02:40]} Qc7 {[%emt 0:02:42]} 17. Rg1 {[%emt 0:01:33]} Nd8 {[%emt 0:11:01]} 18. Rg3 {[%emt 0:21:03]} Qf4+ {[%emt 0:04:35]} (18... Nb7 $16 {was necessary.} 19. Re1 Bd6) 19. Kb1 {[%emt 0:00:33]} Qxf2 {[%emt 0:01:27]} 20. Bxf8 {[%emt 0:02:28]} Rxf8 {[%emt 0:02:42]} 21. Qa3 {[%emt 0:02:24]} Rc8 {[%emt 0:06:13]} 22. Rg2 {[%emt 0:15:18]} Qf4 {[%emt 0:01:57]} 23. Bxa6 {[%emt 0:00:15]} Rb8 {[%emt 0:02:24]} 24. Rg3 {[%emt 0:05:02]} Qc7 {[%emt 0:01:10]} 25. Rc3 {[%emt 0:00:24]} Qd7 {[%emt 0:03:04]} 26. Bd3 {[%emt 0:01:31]} f5 {[%emt 0:01:28]} 27. Be2 {[%emt 0:00:25]} Nf7 {[%emt 0:01:56]} 28. Rg1 {[%emt 0:00:22]} Qd6 {[%emt 0:03:30]} 29. Qxd6 {[%emt 0:01:44]} Nxd6 {[%emt 0:01:11]} 30. Rc7 {[%emt 0:01:22]} Rb7 {[%emt 0:01:43]} 31. Rxb7 {[%emt 0:00:39]} Nxb7 {[%emt 0:00:04]} 32. Rg7 {[%emt 0:01:36]} Nd6 {[%emt 0:01:01]} 33. c3 {[%emt 0:06:18]} ({Don't do} 33. Rxh7 $6 f4) 33... f4 {[%emt 0:01:50]} 34. Bf3 {[%emt 0:00:02]} Kd8 {[%emt 0:05:33]} 35. Kc2 {[%emt 0:01:18]} ({Not} 35. Rxh7 Ne4 $11) 35... h6 {[%emt 0:05:02]} 36. Rg6 {[%emt 0:02:09]} Ne4 {[%emt 0:01:56]} 37. h4 {[%emt 0:01:38]} Ke7 {[%emt 0:01:32]} 38. Rxh6 {[%emt 0:00:43]} Rg8 {[%emt 0:00:37]} 39. Kd3 {[%emt 0:00:43]} Rg3 {[%emt 0:01:14]} 40. Ke2 {[%emt 0:00:22]} Rg1 {[%emt 0:02:54]} 41. c4 $16 {[%emt 0:11:09]} Rb1 {[%emt 0:02:40] [#]} 42. cxd5 $1 {[%emt 0:00:58]} Rxb2+ {[%emt 0:10:41]} 43. Kd3 {[%emt 0:01:41]} Nf2+ {[%emt 0:02:07]} 44. Kc4 {[%emt 0:03:53]} exd5+ {[%emt 0:04:15]} 45. Bxd5 {[%emt 0:01:57]} Rxa2 {[%emt 0:01:42]} 46. Rh7+ {[%emt 0:00:42]} Kd6 {[%emt 0:02:40]} 47. Rh6+ {[%emt 0:00:07]} Ke7 {[%emt 0:00:26]} 48. Rh7+ {[%emt 0:10:07]} Kd6 {[%emt 0:00:05]} 49. Rh6+ {[%emt 0:00:09]} Ke7 {[%emt 0:00:06]} 50. Rh7+ {[%emt 0:05:13]} 1/2-1/2

[Event "110th Anniversary WIM 2020"]
[Site "Hilleroed"]
[Date "2020.02.14"]
[Round "8.4"]
[White "Miturova, Magdalena"]
[Black "Nilssen, Ellen Fredericia"]
[Result "1/2-1/2"]
[WhiteElo "2185"]
[BlackElo "2065"]
[Annotator "TA"]
[PlyCount "66"]
[EventDate "2020.02.08"]
[EventType "tourn"]
[EventCountry "DEN"]
[SourceTitle "playchess.com"]
[Source "ChessBase"]
[SourceQuality "1"]

{[%evp 9,66,37,31,30,45,44,65,44,44,35,51,40,38,23,55,29,27,29,18,31,36,35,45,39,70,57,56,34,71,69,59,11,11,-10,0,-1,-8,-5,-18,-33,0,0,0,0,4,6,6,6,6,-23,-26,-137,0,0,0,0,29,0,0]} 1. Nf3 d5 2. g3 Nc6 3. d4 Bf5 4. Bg2 e6 5. O-O Be7 6. c4 {D02: 1 d4 d5 2 Nf3 sidelines, including 2...Nf6 3 g3 and 2...Nf6 3 Bf4.} Qd7 {[#]} 7. Nc3 $146 ({Predecessor:} 7. cxd5 exd5 8. Nc3 Nf6 9. Ne5 Qe6 10. Bg5 Nxe5 11. dxe5 Qxe5 12. Qb3 O-O 13. Bf4 {1-0 (54) Ellis,L-Marshall,I England 1997}) 7... dxc4 8. Qa4 {White is slightly better.} Nf6 9. Qxc4 O-O 10. e3 Ne4 11. Nd2 Nxc3 12. bxc3 (12. Qxc3 {keeps more tension.} Bg6 13. Nb3 Nb4 14. e4 a5 15. Be3) 12... Na5 13. Qe2 c5 14. Nb3 Nxb3 15. axb3 cxd4 16. exd4 Rfc8 17. Bb2 a5 18. Rfd1 a4 19. bxa4 $1 Rxa4 20. Rxa4 (20. h4 $5 {[%cal Rg3g4]} h6 21. Rxa4 Qxa4 22. Ra1 $14 (22. Bxb7 Rb8 $11)) 20... Qxa4 21. g4 Bg6 22. Ra1 Qb3 23. Ra7 Rb8 24. h3 Qb6 25. Ra1 h6 26. d5 exd5 27. Bxd5 Bh4 28. c4 {Hoping for Qe5!} Rd8 29. Rf1 Qb3 30. Kh2 {[#]} (30. Ra1 $11) 30... Bd3 (30... b5 $1 $17 {[%mdl 512]} 31. Ba1 (31. cxb5 Rxd5) 31... Qd3 32. Qxd3 Bxd3) 31. Qf3 $1 $11 {[%cal Rf3f7]} Qxb2 32. Qxd3 Qe5+ 33. Kh1 b5 {Accuracy: White = 78%, Black = 76%.} 1/2-1/2

[Event "110th Anniversary WIM 2020"]
[Site "Hilleroed"]
[Date "2020.02.15"]
[Round "9.1"]
[White "Kakulidis, Ellen"]
[Black "Zaritovskaja, Margarita"]
[Result "0-1"]
[WhiteElo "2052"]
[BlackElo "2022"]
[Annotator "ChessBase"]
[PlyCount "82"]
[EventDate "2020.02.08"]
[EventType "tourn"]
[EventCountry "DEN"]
[SourceTitle "playchess.com"]
[Source "ChessBase"]
[SourceQuality "1"]
[TimeControl "40/5400+30:1800+30"]

1. d4 {[%emt 0:00:00]} Nf6 {[%emt 0:00:00]} 2. g3 {[%emt 0:00:00]} d5 {[%emt 0:00:04]} 3. Nf3 {[%emt 0:00:13]} e6 {[%emt 0:00:26]} 4. Bg2 {[%emt 0:00:17]} Be7 {[%emt 0:00:16]} 5. c4 {[%emt 0:00:48]} O-O {[%emt 0:00:35]} 6. O-O {[%emt 0:00:08]} dxc4 {[%emt 0:00:14]} 7. Ne5 {[%emt 0:10:35]} Nc6 {[%emt 0:02:16]} 8. Nxc6 {[%emt 0:09:29]} bxc6 {[%emt 0:00:08]} 9. Nc3 {[%emt 0:12:50]} Bb7 {[%emt 0:05:32]} 10. Qa4 {[%emt 0:01:02]} Qxd4 {[%emt 0:06:00]} 11. Be3 {[%emt 0:01:55]} Qe5 {[%emt 0:02:56]} 12. Qxc4 {[%emt 0:03:42]} Nd5 {[%emt 0:04:37]} 13. Bd4 {[%emt 0:05:12]} Qd6 {[%emt 0:07:28]} 14. Ne4 {[%emt 0:02:32]} Qd8 {[%emt 0:08:57]} 15. Bc5 {[%emt 0:04:31]} Bd6 {[%emt 0:03:00]} 16. Rfd1 {[%emt 0:05:42]} Qe7 {[%emt 0:01:19]} 17. Rac1 {[%emt 0:08:31]} Rfd8 {[%emt 0:08:57]} 18. Bd4 {[%emt 0:11:08]} Rd7 {[%emt 0:15:36]} 19. Nc5 {[%emt 0:00:48]} Bxc5 {[%emt 0:00:06]} 20. Bxc5 {[%emt 0:00:13]} Qd8 {[%emt 0:01:09]} 21. Qc2 {[%emt 0:02:41]} Qe8 {[%emt 0:04:35]} 22. e3 {[%emt 0:02:48]} a5 {[%emt 0:04:34]} 23. Rd4 {[%emt 0:03:23]} Rad8 {[%emt 0:02:31]} 24. Rcd1 {[%emt 0:00:38]} h6 {[%emt 0:04:50]} 25. Qa4 {[%emt 0:01:06]} e5 {[%emt 0:01:32]} 26. R4d2 {[%emt 0:03:08]} Qe6 {[%emt 0:00:40]} 27. Qc2 {[%emt 0:02:20]} Nb4 {[%emt 0:03:50]} 28. Bxb4 {[%emt 0:01:57]} axb4 {[%emt 0:00:03]} 29. Rxd7 {[%emt 0:00:55]} Rxd7 {[%emt 0:00:02]} 30. Rc1 {[%emt 0:00:25]} Qxa2 {[%emt 0:01:53]} 31. Bf1 {[%emt 0:04:40]} Qd5 {[%emt 0:01:26]} 32. Qf5 {[%emt 0:01:00]} c5 {[%emt 0:01:54]} 33. e4 {[%emt 0:00:04]} Qxe4 {[%emt 0:00:12]} 34. Qxe4 {[%emt 0:00:03]} Bxe4 {[%emt 0:00:03]} 35. b3 {[%emt 0:02:00]} Kf8 {[%emt 0:01:50]} 36. Bb5 {[%emt 0:00:40]} c6 {[%emt 0:02:27]} 37. Ba6 {[%emt 0:00:20]} Bf3 {[%emt 0:01:05]} 38. Kf1 {[%emt 0:00:40]} Rd1+ {[%emt 0:00:49]} 39. Rxd1 {[%emt 0:00:26]} Bxd1 {[%emt 0:00:02]} 40. Bc4 {[%emt 0:00:11]} Ke7 {[%emt 0:00:49]} 41. Kg2 {[%emt 0:30:30]} Bg4 {[%emt 0:34:27]} 0-1